| 000 -LEADER |
| fixed length control field |
00434nam a22001577a 4500 |
| 008 - FIXED-LENGTH DATA ELEMENTS--GENERAL INFORMATION |
| fixed length control field |
151015b xxu||||| |||| 00| 0 eng d |
| 020 ## - INTERNATIONAL STANDARD BOOK NUMBER |
| International Standard Book Number |
025618150 |
| 041 0# - LANGUAGE CODE |
| Language code of text/sound track or separate title |
eng |
| 080 ## - UNIVERSAL DECIMAL CLASSIFICATION NUMBER |
| Universal Decimal Classification number |
657 |
| 245 1# - TITLE STATEMENT |
| Title |
Advanced accounting/ |
| Statement of responsibility, etc |
Joe B. Hoyle; Thomas F. Schaefer; Timothy S. Doupnik; |
| 250 ## - |
| -- |
5th ed. |
| 260 ## - |
| -- |
USA: |
| -- |
McGraw-Hill Companies; |
| -- |
1998. |
| 300 ## - |
| -- |
916 f.: |
| -- |
me il.; |
| -- |
25 cm. |
| 650 #0 - |
| -- |
Kontabilitet |
| 942 ## - ADDED ENTRY ELEMENTS (KOHA) |
| Source of classification or shelving scheme |
|
| Item type |
Books |